{"text_format":"3","workbook":"xlsx","n_sheets":1,"sheets":["t557"],"read":"whole","date_system":"1900"}

{"sheet":"t557","index":0,"n_rows":172,"n_cols":7,"rows_kept":172,"merged":[[0,0,0,6],[30,0,30,5],[47,0,47,5],[144,0,144,5]]}
["TABELA 557.1 - Estatísticas Agrícolas, Município de São Pedro, Estado de São Paulo, 2007/08."]
["ITEM","UNIDADE","N.DE UPAs","MÍNIMO","MÉDIO","MÁXIMO","TOTAL"]
["Distância à sede do município","km",705,0.9,{"v":10.63,"d":"10.6"},48.4,"-"]
["Área total","hectare",705,0.7,{"v":76.87,"d":"76.9"},{"v":3415.4,"d":"3,415.4"},{"v":54195.8,"d":"54,195.8"}]
["Área com cultura perene","hectare",50,0.2,{"v":51.77,"d":"51.8"},288.1,{"v":2588.6,"d":"2,588.6"}]
["Área com cultura temporária","hectare",251,0.1,{"v":54.57,"d":"54.6"},{"v":2482.3,"d":"2,482.3"},{"v":13698.1,"d":"13,698.1"}]
["Área com pastagem","hectare",527,0.7,{"v":51.67,"d":"51.7"},{"v":2673.8,"d":"2,673.8"},{"v":27232.5,"d":"27,232.5"}]
["Área com reflorestamento","hectare",130,0.1,{"v":23.08,"d":"23.1"},357.8,{"v":3000.6,"d":"3,000.6"}]
["Área com vegetação natural","hectare",299,0.1,{"v":14.77,"d":"14.8"},350.1,{"v":4415.2,"d":"4,415.2"}]
["Área com vegetação de brejo e várzea","hectare",7,{"v":1,"d":"1.0"},{"v":14.96,"d":"15.0"},83.4,104.7]
["Área em descanso","hectare",130,0.5,{"v":15.64,"d":"15.6"},134.4,{"v":2032.7,"d":"2,032.7"}]
["Área complementar","hectare",521,0.1,{"v":2.16,"d":"2.2"},237.5,{"v":1123.4,"d":"1,123.4"}]
["Área das UPAs com (0, 1] ha","hectare",2,0.7,{"v":0.85,"d":"0.9"},{"v":1,"d":"1.0"},1.7]
["Área das UPAs com (1, 2] ha","hectare",9,1.2,{"v":1.56,"d":"1.6"},{"v":2,"d":"2.0"},{"v":14,"d":"14.0"}]
["Área das UPAs com (2, 5] ha","hectare",56,2.2,{"v":3.78,"d":"3.8"},{"v":5,"d":"5.0"},211.4]
["Área das UPAs com (5, 10] ha","hectare",69,5.2,{"v":7.71,"d":"7.7"},{"v":10,"d":"10.0"},532.3]
["Área das UPAs com (10, 20] ha","hectare",153,10.2,{"v":14.94,"d":"14.9"},{"v":20,"d":"20.0"},{"v":2286.4,"d":"2,286.4"}]
["Área das UPAs com (20, 50] ha","hectare",176,20.5,{"v":32.87,"d":"32.9"},48.8,{"v":5784.9,"d":"5,784.9"}]
["Área das UPAs com (50, 100] ha","hectare",125,50.4,{"v":71.73,"d":"71.7"},99.2,{"v":8965.9,"d":"8,965.9"}]
["Área das UPAs com (100, 200] ha","hectare",64,100.8,{"v":145.15,"d":"145.2"},{"v":199,"d":"199.0"},{"v":9289.4,"d":"9,289.4"}]
["Área das UPAs com (200, 500] ha","hectare",39,206.8,{"v":283.33,"d":"283.3"},{"v":438,"d":"438.0"},{"v":11049.7,"d":"11,049.7"}]
["Área das UPAs com (500, 1.000] ha","hectare",5,502.2,{"v":585.06,"d":"585.1"},748.8,{"v":2925.3,"d":"2,925.3"}]
["Área das UPAs com (1.000, 2.000] ha","hectare",5,{"v":1028.9,"d":"1,028.9"},{"v":1364.48,"d":"1,364.5"},{"v":1576,"d":"1,576.0"},{"v":6822.4,"d":"6,822.4"}]
["Área das UPAs com (2.000, 5.000] ha","hectare",2,{"v":2897,"d":"2,897.0"},{"v":3156.2,"d":"3,156.2"},{"v":3415.4,"d":"3,415.4"},{"v":6312.4,"d":"6,312.4"}]
["Área das UPAs com (5.000, 10.000] ha","hectare","-","-","-","-","-"]
["Área das UPAs acima de 10.000 ha","hectare","-","-","-","-","-"]
["Familiares do proprietário que trabalham na UPA","unidade",542,{"v":1,"d":"1.0"},{"v":1.47,"d":"1.5"},{"v":20,"d":"20.0"},{"v":795,"d":"795.0"}]
["Trabalhadores permanentes","unidade",204,{"v":1,"d":"1.0"},{"v":2.27,"d":"2.3"},{"v":100,"d":"100.0"},{"v":464,"d":"464.0"}]
["Fonte: Secretaria de Agricultura e Abastecimento, CDRS/IEA, Projeto LUPA."]
[]
["TABELA 557.2 - Explorações Animais, Município de São Pedro, Estado de São Paulo, 2007/08."]
["ITEM","UNIDADE","N.DE UPAs","MÍNIMO","MÉDIO","MÁXIMO","TOTAL"]
["Apicultura","colmeias",1,{"v":15,"d":"15.0"},{"v":15,"d":"15.0"},{"v":15,"d":"15.0"},{"v":15,"d":"15.0"}]
["Asininos E Muares","cabeças",1,{"v":2,"d":"2.0"},{"v":2,"d":"2.0"},{"v":2,"d":"2.0"},{"v":2,"d":"2.0"}]
["Avicultura de Corte","cabeças/ano",43,{"v":12000,"d":"12,000.0"},{"v":128732.56,"d":"128,732.6"},{"v":1100000,"d":"1,100,000.0"},{"v":5535500,"d":"5,535,500.0"}]
["Avicultura para Ovos","cabeças",1,{"v":10,"d":"10.0"},{"v":10,"d":"10.0"},{"v":10,"d":"10.0"},{"v":10,"d":"10.0"}]
["Bovinocultura de Corte","cabeças",118,{"v":3,"d":"3.0"},{"v":158.95,"d":"159.0"},{"v":3650,"d":"3,650.0"},{"v":18756,"d":"18,756.0"}]
["Bovinocultura Leiteira","cabeças",20,{"v":6,"d":"6.0"},77.4,{"v":450,"d":"450.0"},{"v":1548,"d":"1,548.0"}]
["Bovinocultura Mista","cabeças",287,{"v":1,"d":"1.0"},{"v":30.61,"d":"30.6"},{"v":300,"d":"300.0"},{"v":8785,"d":"8,785.0"}]
["Bubalinocultura","cabeças",1,{"v":61,"d":"61.0"},{"v":61,"d":"61.0"},{"v":61,"d":"61.0"},{"v":61,"d":"61.0"}]
["Equinocultura","cabeças",18,{"v":1,"d":"1.0"},6.5,{"v":31,"d":"31.0"},{"v":117,"d":"117.0"}]
["Ovinocultura","cabeças",12,{"v":8,"d":"8.0"},{"v":117.08,"d":"117.1"},{"v":300,"d":"300.0"},{"v":1405,"d":"1,405.0"}]
["Piscicultura","m² tanques",1,{"v":649,"d":"649.0"},{"v":649,"d":"649.0"},{"v":649,"d":"649.0"},{"v":649,"d":"649.0"}]
["Sericicultura","gramas larvas/ano",2,{"v":30,"d":"30.0"},{"v":135,"d":"135.0"},{"v":240,"d":"240.0"},{"v":270,"d":"270.0"}]
["Suinocultura","cabeças",4,{"v":3,"d":"3.0"},{"v":53.25,"d":"53.3"},{"v":130,"d":"130.0"},{"v":213,"d":"213.0"}]
["Fonte: Secretaria de Agricultura e Abastecimento, CDRS/IEA, Projeto LUPA."]
[]
["TABELA 557.3 -  Máquinas, Implementos e Benfeitorias, Município de São Pedro, Estado de São Paulo, 2007/08."]
["ITEM","UNIDADE","N.DE UPAs","MÍNIMO","MÉDIO","MÁXIMO","TOTAL"]
["Arado Comum (Bacia, Aiveca)","Unidade",25,{"v":1,"d":"1.0"},{"v":1.12,"d":"1.1"},{"v":3,"d":"3.0"},{"v":28,"d":"28.0"}]
["Arado Escarificador","Unidade",2,{"v":1,"d":"1.0"},1.5,{"v":2,"d":"2.0"},{"v":3,"d":"3.0"}]
["Arado Subsolador","Unidade",4,{"v":1,"d":"1.0"},{"v":1.25,"d":"1.3"},{"v":2,"d":"2.0"},{"v":5,"d":"5.0"}]
["Carregadeira de Cana","Unidade",2,{"v":1,"d":"1.0"},2.5,{"v":4,"d":"4.0"},{"v":5,"d":"5.0"}]
["Colhedeira Acoplada","Unidade",1,{"v":2,"d":"2.0"},{"v":2,"d":"2.0"},{"v":2,"d":"2.0"},{"v":2,"d":"2.0"}]
["Conj.Irrigação Convencional","Unidade",1,{"v":1,"d":"1.0"},{"v":1,"d":"1.0"},{"v":1,"d":"1.0"},{"v":1,"d":"1.0"}]
["Conj.Irrigação Pivot Central","Unidade",1,{"v":3,"d":"3.0"},{"v":3,"d":"3.0"},{"v":3,"d":"3.0"},{"v":3,"d":"3.0"}]
["Conjunto de Fenação","Unidade",1,{"v":2,"d":"2.0"},{"v":2,"d":"2.0"},{"v":2,"d":"2.0"},{"v":2,"d":"2.0"}]
["Desintegrador, Picador, Triturador","Unidade",81,{"v":1,"d":"1.0"},{"v":1.04,"d":"1.0"},{"v":2,"d":"2.0"},{"v":84,"d":"84.0"}]
["Distribuidor de Calcário","Unidade",3,{"v":1,"d":"1.0"},{"v":1,"d":"1.0"},{"v":1,"d":"1.0"},{"v":3,"d":"3.0"}]
["Ensiladeira","Unidade",10,{"v":1,"d":"1.0"},1.3,{"v":2,"d":"2.0"},{"v":13,"d":"13.0"}]
["Grade Aradora (Tipo Romi)","Unidade",3,{"v":1,"d":"1.0"},{"v":1,"d":"1.0"},{"v":1,"d":"1.0"},{"v":3,"d":"3.0"}]
["Grade Niveladora","Unidade",13,{"v":1,"d":"1.0"},{"v":1,"d":"1.0"},{"v":1,"d":"1.0"},{"v":13,"d":"13.0"}]
["Ordenhadeira Mecânica","Unidade",5,{"v":1,"d":"1.0"},{"v":1,"d":"1.0"},{"v":1,"d":"1.0"},{"v":5,"d":"5.0"}]
["Pulverizador Tratorizado","Unidade",1,{"v":1,"d":"1.0"},{"v":1,"d":"1.0"},{"v":1,"d":"1.0"},{"v":1,"d":"1.0"}]
["Resfriador de Leite, Tanque Expansão","Unidade",5,{"v":1,"d":"1.0"},1.2,{"v":2,"d":"2.0"},{"v":6,"d":"6.0"}]
["Semeadeira/Adubadeira para Plantio Convencional","Unidade",5,{"v":1,"d":"1.0"},1.2,{"v":2,"d":"2.0"},{"v":6,"d":"6.0"}]
["Trator de Esteiras","Unidade",6,{"v":1,"d":"1.0"},1.5,{"v":3,"d":"3.0"},{"v":9,"d":"9.0"}]
["Trator de Pneus","Unidade",158,{"v":1,"d":"1.0"},{"v":1.64,"d":"1.6"},{"v":20,"d":"20.0"},{"v":259,"d":"259.0"}]
["Açude/Represa","Unidade",68,{"v":1,"d":"1.0"},{"v":2.03,"d":"2.0"},{"v":9,"d":"9.0"},{"v":138,"d":"138.0"}]
["Almoxarifado/Oficina","Unidade",4,{"v":1,"d":"1.0"},3.5,{"v":11,"d":"11.0"},{"v":14,"d":"14.0"}]
["Armazém para Grãos Ensacados","Sacas",1,{"v":1,"d":"1.0"},{"v":1,"d":"1.0"},{"v":1,"d":"1.0"},{"v":1,"d":"1.0"}]
["Balança para Bovinos","Unidade",3,{"v":1,"d":"1.0"},{"v":1,"d":"1.0"},{"v":1,"d":"1.0"},{"v":3,"d":"3.0"}]
["Balança para Veículos","Unidade",1,{"v":2,"d":"2.0"},{"v":2,"d":"2.0"},{"v":2,"d":"2.0"},{"v":2,"d":"2.0"}]
["Barracão para Bicho da Seda/Sirgaria","Unidade",2,{"v":1,"d":"1.0"},{"v":1,"d":"1.0"},{"v":1,"d":"1.0"},{"v":2,"d":"2.0"}]
["Barracão para Cultivo de Cogumelo","Unidade",1,{"v":1,"d":"1.0"},{"v":1,"d":"1.0"},{"v":1,"d":"1.0"},{"v":1,"d":"1.0"}]
["Barracão para Granja/Avicultura","Unidade",55,{"v":1,"d":"1.0"},{"v":1.93,"d":"1.9"},{"v":8,"d":"8.0"},{"v":106,"d":"106.0"}]
["Barracão/Galpão/Garagem","Unidade",57,{"v":1,"d":"1.0"},{"v":1.25,"d":"1.3"},{"v":5,"d":"5.0"},{"v":71,"d":"71.0"}]
["Biodigestor","Unidade",2,{"v":1,"d":"1.0"},{"v":1,"d":"1.0"},{"v":1,"d":"1.0"},{"v":2,"d":"2.0"}]
["Casa de Moradia Habitada","Unidade",394,{"v":1,"d":"1.0"},{"v":1.84,"d":"1.8"},{"v":20,"d":"20.0"},{"v":723,"d":"723.0"}]
["Casa de Moradia Total","Unidade",455,{"v":1,"d":"1.0"},{"v":2.06,"d":"2.1"},{"v":28,"d":"28.0"},{"v":939,"d":"939.0"}]
["Curral/Mangueira","Unidade",151,{"v":1,"d":"1.0"},{"v":1.07,"d":"1.1"},{"v":4,"d":"4.0"},{"v":162,"d":"162.0"}]
["Depósito/Tulha","Unidade",26,{"v":1,"d":"1.0"},{"v":1.31,"d":"1.3"},{"v":6,"d":"6.0"},{"v":34,"d":"34.0"}]
["Estábulo","Unidade",92,{"v":1,"d":"1.0"},1.1,{"v":3,"d":"3.0"},{"v":101,"d":"101.0"}]
["Estufa/Plasticultura","m²",2,{"v":3,"d":"3.0"},71.5,{"v":140,"d":"140.0"},{"v":143,"d":"143.0"}]
["Fábrica de Ração","Unidade",1,{"v":1,"d":"1.0"},{"v":1,"d":"1.0"},{"v":1,"d":"1.0"},{"v":1,"d":"1.0"}]
["Instalações para Equinos","Unidade",21,{"v":1,"d":"1.0"},{"v":1.38,"d":"1.4"},{"v":3,"d":"3.0"},{"v":29,"d":"29.0"}]
["Máquina de Benefício","Unidade",2,{"v":1,"d":"1.0"},{"v":1,"d":"1.0"},{"v":1,"d":"1.0"},{"v":2,"d":"2.0"}]
["Olaria","Unidade",1,{"v":1,"d":"1.0"},{"v":1,"d":"1.0"},{"v":1,"d":"1.0"},{"v":1,"d":"1.0"}]
["Pocilga","Unidade",4,{"v":1,"d":"1.0"},{"v":1,"d":"1.0"},{"v":1,"d":"1.0"},{"v":4,"d":"4.0"}]
["Poço Semi-Artesiano","Unidade",5,{"v":1,"d":"1.0"},{"v":1,"d":"1.0"},{"v":1,"d":"1.0"},{"v":5,"d":"5.0"}]
["Silo para Silagem","t",6,{"v":1,"d":"1.0"},{"v":2.67,"d":"2.7"},{"v":8,"d":"8.0"},{"v":16,"d":"16.0"}]
["Terreiro","m²",5,{"v":1,"d":"1.0"},39.2,{"v":144,"d":"144.0"},{"v":196,"d":"196.0"}]
["Usina de Açúcar/destilaria","Unidade",2,{"v":1,"d":"1.0"},{"v":1,"d":"1.0"},{"v":1,"d":"1.0"},{"v":2,"d":"2.0"}]
["Fonte: Secretaria de Agricultura e Abastecimento, CDRS/IEA, Projeto LUPA."]
[]
["TABELA 557.4 - Outras Estatísticas Agrícolas, Município de São Pedro, Estado de São Paulo, 2007/08."]
["ITEM","Número de UPAs",null,"Percentual"]
["Faz Parte de Associação de Produtores",51,null,{"v":7.23404255319149,"d":"7.2"}]
["Faz Parte de Cooperativa de Produtores",92,null,{"v":13.049645390070921,"d":"13.0"}]
["Faz Parte do Sindicato de Produtores",42,null,{"v":5.957446808510639,"d":"6.0"}]
["Não utiliza assistência técnica ",444,null,{"v":62.97872340425532,"d":"63.0"}]
["Utiliza somente assistência técnica governamental ",213,null,{"v":30.21276595744681,"d":"30.2"}]
["Utiliza somente assistência técnica privada ",25,null,{"v":3.5460992907801416,"d":"3.5"}]
["Utiliza assistência técnica tanto governamental quanto privada",23,null,{"v":3.2624113475177308,"d":"3.3"}]
["Utiliza Crédito Rural",33,null,{"v":4.680851063829787,"d":"4.7"}]
["Utiliza Seguro Rural",1,null,{"v":0.14184397163120568,"d":"0.1"}]
["Utiliza Escrituração Agrícola",18,null,{"v":2.5531914893617023,"d":"2.6"}]
["Acessa Internet p/ Fins na Agropecuária",35,null,{"v":4.964539007092199,"d":"5.0"}]
["Utiliza Computador nas Atividades Agropecuárias",5,null,{"v":0.7092198581560284,"d":"0.7"}]
["Utiliza Energia Elétrica Para Uso na Atividade Agrícola",470,null,{"v":66.66666666666667,"d":"66.7"}]
["Realiza Análise de Solo, quando necessário",77,null,{"v":10.921985815602836,"d":"10.9"}]
["Utiliza Práticas de Conservação de Solo, quando necessário",152,null,{"v":21.56028368794326,"d":"21.6"}]
["Faz Adubação Mineral, quando necessário",85,null,{"v":12.056737588652483,"d":"12.1"}]
["Faz Adubação Orgânica, quando necessário",24,null,{"v":3.404255319148936,"d":"3.4"}]
["Faz Adubação Verde, quando necessário",4,null,{"v":0.5673758865248227,"d":"0.6"}]
["Utiliza Manejo Integrado de Pragas (MIP)","-",null,"-"]
["Utiliza Hidroponia","-",null,"-"]
["Utiliza Plasticultura",2,null,{"v":0.28368794326241137,"d":"0.3"}]
["Utiliza Mudas Fiscalizadas",44,null,{"v":6.241134751773049,"d":"6.2"}]
["Utiliza Semente Melhorada",132,null,{"v":18.72340425531915,"d":"18.7"}]
["Faz Confinamento de Bovinos",7,null,{"v":0.9929078014184397,"d":"1.0"}]
["Utiliza Pastejo Intensivo",11,null,{"v":1.5602836879432624,"d":"1.6"}]
["Faz Inseminação Artificial",3,null,{"v":0.425531914893617,"d":"0.4"}]
["Faz Mineralização do Rebanho",296,null,{"v":41.98581560283688,"d":"42.0"}]
["Faz Vermifugação do Rebanho",307,null,{"v":43.54609929078014,"d":"43.5"}]
["Possui Parceiros /Arrendatários na Exploração Animal",17,null,{"v":2.411347517730497,"d":"2.4"}]
["Esporte e lazer",4,null,{"v":0.5673758865248227,"d":"0.6"}]
["Extração mineral",3,null,{"v":0.425531914893617,"d":"0.4"}]
["Hotel Fazenda, Pousada ou SPA",5,null,{"v":0.7092198581560284,"d":"0.7"}]
["Pesque-pague",6,null,{"v":0.851063829787234,"d":"0.9"}]
["Restaurante ou Lanchonete",8,null,{"v":1.1347517730496455,"d":"1.1"}]
["Transformação artesanal",1,null,{"v":0.14184397163120568,"d":"0.1"}]
["Turismo rural ou ecoturismo",4,null,{"v":0.5673758865248227,"d":"0.6"}]
["Outras atividades econômicas rurais",6,null,{"v":0.851063829787234,"d":"0.9"}]
["Agroindústria",1,null,{"v":0.14184397163120568,"d":"0.1"}]
["Proprietário sem instrução ou com instrução incompleta",103,null,{"v":14.609929078014185,"d":"14.6"}]
["Proprietário com antigo primário completo",259,null,{"v":36.73758865248227,"d":"36.7"}]
["Proprietário com 1° grau (ou antigo ginasial) completo",142,null,{"v":20.141843971631207,"d":"20.1"}]
["Proprietário com 2° grau (ou antigo colegial) completo",85,null,{"v":12.056737588652483,"d":"12.1"}]
["Proprietário com curso superior completo ",111,null,{"v":15.74468085106383,"d":"15.7"}]
["Pessoa Jurídica",5,null,{"v":0.7092198581560284,"d":"0.7"}]
["Proprietário residente na própria UPA ",161,null,{"v":22.836879432624116,"d":"22.8"}]
["Fonte: Secretaria de Agricultura e Abastecimento, CDRS/IEA, Projeto LUPA."]
[]
["TABELA 557.5 - Área Cultivada, Município de São Pedro, Estado de São Paulo, 2007/08."]
["CULTURA","N.DE UPAs","MÍNIMO","MÉDIO","MÁXIMO","TOTAL"]
["Braquiaria",492,0.3,51.2,{"v":2673.8,"d":"2,673.8"},{"v":25192.2,"d":"25,192.2"}]
["Cana-de-acucar",216,0.1,{"v":61.47,"d":"61.5"},{"v":2465.9,"d":"2,465.9"},{"v":13277.7,"d":"13,277.7"}]
["Eucalipto",130,0.1,{"v":23.08,"d":"23.1"},357.8,{"v":3000.6,"d":"3,000.6"}]
["Laranja",19,0.2,{"v":83.34,"d":"83.3"},{"v":230,"d":"230.0"},{"v":1583.4,"d":"1,583.4"}]
["Outras gramineas para pastagem",46,0.6,{"v":27.85,"d":"27.9"},{"v":295,"d":"295.0"},{"v":1281.1,"d":"1,281.1"}]
["Cafe",26,0.4,{"v":38.02,"d":"38.0"},288.1,988.6]
["Milho",42,0.5,{"v":8.95,"d":"9.0"},121.6,375.8]
["Coloniao",2,{"v":14,"d":"14.0"},{"v":178.65,"d":"178.7"},343.3,357.3]
["Outras leguminosas para pastagem",16,1.2,{"v":16.03,"d":"16.0"},149.7,256.5]
["Capim-napier (ou capim-elefante)",26,0.5,{"v":3.11,"d":"3.1"},{"v":12,"d":"12.0"},80.8]
["Gramas",3,7.2,{"v":21.53,"d":"21.5"},28.7,64.6]
["Mandioca",1,33.8,33.8,33.8,33.8]
["Amora (ou amora-branca)",3,2.4,3.2,3.6,9.6]
["Arroz",2,2.4,3.4,4.4,6.8]
["Macadamia (ou noz-macadamia)",1,{"v":4,"d":"4.0"},{"v":4,"d":"4.0"},{"v":4,"d":"4.0"},{"v":4,"d":"4.0"}]
["Palmito",1,2.4,2.4,2.4,2.4]
["Lichia",1,1.1,1.1,1.1,1.1]
["Banana",1,{"v":1,"d":"1.0"},{"v":1,"d":"1.0"},{"v":1,"d":"1.0"},{"v":1,"d":"1.0"}]
["Pomar domestico",2,0.4,{"v":0.45,"d":"0.5"},0.5,0.9]
["Alface",2,0.2,0.3,0.4,0.6]
["Colza",1,0.5,0.5,0.5,0.5]
["Brocolos (ou brocolis)",1,0.2,0.2,0.2,0.2]
["Couve-flor",1,0.2,0.2,0.2,0.2]
["Beterraba",1,0.2,0.2,0.2,0.2]
["Cogumelo",1,0.1,0.1,0.1,0.1]
["Fonte: Secretaria de Agricultura e Abastecimento, CDRS/IEA, Projeto LUPA."]